000
00241nam a2200097Ia 4500
001
640771
005
20250826153453.0
008
250824s9999 xx 000 0 und d
245
0
_a
MİNE KIZLAR YURDUNDA
_c
FATMA PEKŞEN
260
_b
GENÇ TİMAŞ
999
_c
640771
_d
640771